| 000 -LEADER | |
|---|---|
| fixed length control field | 00432nam a22001697a 4500 |
| 005 - DATE AND TIME OF LATEST TRANSACTION | |
| control field | 20240116121855.0 |
| 008 - FIXED-LENGTH DATA ELEMENTS--GENERAL INFORMATION | |
| fixed length control field | 190910b xxu||||| |||| 00| 0 eng d |
| 020 ## - INTERNATIONAL STANDARD BOOK NUMBER | |
| ISBN | 978-81-8531-76-6 |
| 041 ## - LANGUAGE CODE | |
| Language code of text/sound track or separate title | eng |
| 082 ## - DEWEY DECIMAL CLASSIFICATION NUMBER | |
| Classification number | 610 |
| Item number | KUL-H |
| 100 ## - MAIN ENTRY--AUTHOR NAME | |
| Personal name | KULKARNI S.K |
| 245 ## - TITLE STATEMENT | |
| Title | HANDBOOK OF EXPERIMENTAL PHARMACOLOGY |
| 260 ## - PUBLICATION, DISTRIBUTION, ETC. (IMPRINT) | |
| Place of publication | DELHI |
| Name of publisher | VALLABH PRAKASHAN |
| Year of publication | 2012 |
| 300 ## - PHYSICAL DESCRIPTION | |
| Number of Pages | 279p, |
| 650 ## - SUBJECT ADDED ENTRY--TOPICAL TERM | |
| Topical Term | PHARMACY |
| General subdivision | B.PHARMA & D.PHARMA |
| 942 ## - ADDED ENTRY ELEMENTS (KOHA) | |
| Koha item type | Books |
| Lost status | Damaged status | Collection code | Home library | Current library | Shelving location | Date acquired | Source of acquisition | Cost, normal purchase price | Full call number | Accession Number | Koha item type |
|---|---|---|---|---|---|---|---|---|---|---|---|
| PHARMACY | JRU Library | JRU Library | Shelf - 21- A | 10/09/2019 | PURCHESS | 210.00 | 610 | 23457 | Books | ||
| Reference | JRU Library | JRU Library | SHELF-4-A | 10/09/2019 | PURCHESS | 210.00 | 610 | 23458 | Books | ||
| PHARMACY | JRU Library | JRU Library | Shelf - 21- A | 10/09/2019 | PURCHESS | 210.00 | 610 | 23459 | Books | ||
| PHARMACY | JRU Library | JRU Library | Shelf - 21- A | 10/09/2019 | PURCHESS | 210.00 | 610 | 23460 | Books | ||
| PHARMACY | JRU Library | JRU Library | Shelf - 21- A | 18/02/2021 | PURCHES | 210.00 | 610 | 25451 | Books | ||
| PHARMACY | JRU Library | JRU Library | Shelf - 21- A | 18/02/2021 | PURCHES | 210.00 | 610 | 25452 | Books | ||
| PHARMACY | JRU Library | JRU Library | Shelf - 21- A | 18/02/2021 | PURCHES | 210.00 | 610 | 25453 | Books | ||
| PHARMACY | JRU Library | JRU Library | Shelf - 21- A | 18/02/2021 | PURCHES | 210.00 | 610 | 25454 | Books | ||
| PHARMACY | JRU Library | JRU Library | Shelf - 21- A | 18/02/2021 | PURCHES | 210.00 | 610 | 25455 | Books | ||
| PHARMACY | JRU Library | JRU Library | Shelf - 21- A | 18/02/2021 | PURCHES | 210.00 | 610 | 25456 | Books | ||
| PHARMACY | JRU Library | JRU Library | Shelf - 21- A | 18/02/2021 | PURCHES | 210.00 | 610 | 25457 | Books | ||
| PHARMACY | JRU Library | JRU Library | SHELF-53-A | 18/02/2021 | PURCHES | 210.00 | 610 | 25458 | Books | ||
| PHARMACY | JRU Library | JRU Library | Shelf - 21- A | 18/02/2021 | PURCHES | 210.00 | 610 | 25459 | Books | ||
| PHARMACY | JRU Library | JRU Library | Shelf - 21- A | 18/02/2021 | PURCHES | 210.00 | 610 | 25460 | Books | ||
| PHARMACY | JRU Library | JRU Library | SHELF-4-A | 15/02/2022 | PURCHASE | 210.00 | 610 | 26473 | Books | ||
| PHARMACY | JRU Library | JRU Library | Shelf - 21- A | 15/02/2022 | PURCHASE | 210.00 | 610 | 26474 | Books | ||
| PHARMACY | JRU Library | JRU Library | Shelf - 21- A | 15/02/2022 | PURCHASE | 210.00 | 610 | 26475 | Books | ||
| PHARMACY | JRU Library | JRU Library | Shelf - 21- A | 15/02/2022 | PURCHASE | 210.00 | 610 | 26476 | Books | ||
| PHARMACY | JRU Library | JRU Library | Shelf - 21- A | 15/02/2022 | PURCHASE | 210.00 | 610 | 26477 | Books | ||
| PHARMACY | JRU Library | JRU Library | Shelf - 21- A | 15/02/2022 | PURCHASE | 210.00 | 610 | 26478 | Books | ||
| PHARMACY | JRU Library | JRU Library | Shelf - 21- A | 15/02/2022 | PURCHASE | 210.00 | 610 | 26479 | Books | ||
| PHARMACY | JRU Library | JRU Library | Shelf - 21- A | 15/02/2022 | PURCHASE | 210.00 | 610 | 26480 | Books | ||
| PHARMACY | JRU Library | JRU Library | Shelf - 21- A | 15/02/2022 | PURCHASE | 210.00 | 610 | 26481 | Books | ||
| PHARMACY | JRU Library | JRU Library | Shelf - 21- A | 15/02/2022 | PURCHASE | 210.00 | 610 | 26482 | Books | ||
| PHARMACY | JRU Library | JRU Library | Shelf - 21- A | 25/02/2022 | PURCHASE | 210.00 | 610 | 26620 | Books | ||
| PHARMACY | JRU Library | JRU Library | Shelf - 21- A | 25/02/2022 | PURCHASE | 210.00 | 610 | 26621 | Books | ||
| PHARMACY | JRU Library | JRU Library | Shelf - 21- A | 25/02/2022 | PURCHASE | 210.00 | 610 | 26622 | Books | ||
| PHARMACY | JRU Library | JRU Library | Shelf - 21- A | 25/02/2022 | PURCHASE | 210.00 | 610 | 26623 | Books | ||
| PHARMACY | JRU Library | JRU Library | Shelf - 21- A | 25/02/2022 | PURCHASE | 210.00 | 610 | 26624 | Books | ||
| PHARMACY | JRU Library | JRU Library | Shelf - 21- A | 20/01/2023 | LOHIA BOOK INTERNATIONAL | 210.00 | 610 KUL-H | 27372 | Books | ||
| PHARMACY | JRU Library | JRU Library | Shelf - 21- A | 20/01/2023 | LOHIA BOOK INTERNATIONAL | 210.00 | 610 KUL-H | 27373 | Books | ||
| PHARMACY | JRU Library | JRU Library | Shelf - 21- A | 20/01/2023 | LOHIA BOOK INTERNATIONAL | 210.00 | 610 KUL-H | 27374 | Books | ||
| PHARMACY | JRU Library | JRU Library | Shelf - 21- A | 20/01/2023 | LOHIA BOOK INTERNATIONAL | 210.00 | 610 KUL-H | 27375 | Books | ||
| PHARMACY | JRU Library | JRU Library | Shelf - 21- A | 20/01/2023 | LOHIA BOOK INTERNATIONAL | 210.00 | 610 KUL-H | 27376 | Books | ||
| PHARMACY | JRU Library | JRU Library | Shelf - 21- A | 23/01/2023 | LOHIA BOOK INTERNATIONAL | 210.00 | 610 KUL-H | 27436 | Books | ||
| PHARMACY | JRU Library | JRU Library | Shelf - 21- A | 23/01/2023 | LOHIA BOOK INTERNATIONAL | 210.00 | 610 KUL-H | 27437 | Books | ||
| PHARMACY | JRU Library | JRU Library | Shelf - 21- A | 23/01/2023 | LOHIA BOOK INTERNATIONAL | 210.00 | 610 KUL-H | 27438 | Books | ||
| PHARMACY | JRU Library | JRU Library | Shelf - 21- A | 23/01/2023 | LOHIA BOOK INTERNATIONAL | 210.00 | 610 KUL-H | 27439 | Books | ||
| PHARMACY | JRU Library | JRU Library | Shelf - 25- A | 23/01/2023 | LOHIA BOOK INTERNATIONAL | 210.00 | 610 KUL-H | 27440 | Books | ||
| PHARMACY | JRU Library | JRU Library | Shelf - 25- A | 23/01/2023 | LOHIA BOOK INTERNATIONAL | 210.00 | 610 KUL-H | 27441 | Books | ||
| PHARMACY | JRU Library | JRU Library | Shelf - 21- A | 23/01/2023 | LOHIA BOOK INTERNATIONAL | 210.00 | 610 KUL-H | 27442 | Books | ||
| PHARMACY | JRU Library | JRU Library | Shelf - 21- A | 23/01/2023 | LOHIA BOOK INTERNATIONAL | 210.00 | 610 KUL-H | 27443 | Books | ||
| PHARMACY | JRU Library | JRU Library | Shelf - 21- A | 23/01/2023 | LOHIA BOOK INTERNATIONAL | 210.00 | 610 KUL-H | 27444 | Books | ||
| PHARMACY | JRU Library | JRU Library | Shelf - 21- A | 23/01/2023 | LOHIA BOOK INTERNATIONAL | 210.00 | 610 KUL-H | 27445 | Books |